Unskilled labor for development : (Record no. 589083)
[ view plain ]
| 000 -LEADER | |
|---|---|
| fixed length control field | 00999cam a2200313 i 4500 |
| 001 - CONTROL NUMBER | |
| control field | 346320 |
| 003 - CONTROL NUMBER IDENTIFIER | |
| control field | NUST |
| 005 - DATE AND TIME OF LATEST TRANSACTION | |
| control field | 20220411112338.0 |
| 008 - FIXED-LENGTH DATA ELEMENTS--GENERAL INFORMATION | |
| fixed length control field | 761122s1977 mdu b 000 0 eng |
| 010 ## - LIBRARY OF CONGRESS CONTROL NUMBER | |
| LC control number | 76047398 |
| 020 ## - INTERNATIONAL STANDARD BOOK NUMBER | |
| International Standard Book Number | 0801819385 ; 0801819490 pbk. |
| 038 ## - RECORD CONTENT LICENSOR | |
| Staff Name | waseem |
| 040 ## - CATALOGING SOURCE | |
| Original cataloging agency | DLC |
| Transcribing agency | DLC |
| Modifying agency | DLC |
| 043 ## - GEOGRAPHIC AREA CODE | |
| Geographic area code | a------ |
| -- | d------ |
| 050 00 - LIBRARY OF CONGRESS CALL NUMBER | |
| Classification number | HD4967 |
| Item number | .M3 |
| 082 00 - DEWEY DECIMAL CLASSIFICATION NUMBER | |
| Classification number | 331.798091724 |
| Author Mark | MCD |
| 100 1# - MAIN ENTRY--PERSONAL NAME | |
| Personal name | McDiarmid, Orville John, |
| Dates associated with a name | 1909-1982. |
| 9 (RLIN) | 90875 |
| 245 10 - TITLE STATEMENT | |
| Title | Unskilled labor for development : |
| Remainder of title | its economic cost / |
| Statement of responsibility, etc. | Orville John McDiarmid. |
| 260 ## - PUBLICATION, DISTRIBUTION, ETC. | |
| Place of publication, distribution, etc. | Baltimore : |
| Name of publisher, distributor, etc. | Published for the World Bank [by] the Johns Hopkins University Press, |
| Date of publication, distribution, etc. | c1977. |
| 300 ## - PHYSICAL DESCRIPTION | |
| Extent | xii, 206 p. ; |
| Dimensions | 24 cm. |
| 504 ## - BIBLIOGRAPHY, ETC. NOTE | |
| Bibliography, etc. note | Bibliography: p. 203-206. |
| 563 ## - BINDING INFORMATION | |
| Binding note | PBK. |
| 650 #0 - SUBJECT ADDED ENTRY--TOPICAL TERM | |
| Topical term or geographic name entry element | Wages |
| Geographic subdivision | Developing countries. |
| 9 (RLIN) | 90876 |
| 650 #0 - SUBJECT ADDED ENTRY--TOPICAL TERM | |
| Topical term or geographic name entry element | Wages |
| Geographic subdivision | Asia. |
| 9 (RLIN) | 90877 |
| 650 #0 - SUBJECT ADDED ENTRY--TOPICAL TERM | |
| Topical term or geographic name entry element | Unskilled labor. |
| 9 (RLIN) | 90878 |
| 710 2# - ADDED ENTRY--CORPORATE NAME | |
| Corporate name or jurisdiction name as entry element | World Bank. |
| 906 ## - LOCAL DATA ELEMENT F, LDF (RLIN) | |
| a | 7 |
| b | cbc |
| c | orignew |
| d | 1 |
| e | ocip |
| f | 19 |
| g | y-gencatlg |
| 942 ## - ADDED ENTRY ELEMENTS (KOHA) | |
| Source of classification or shelving scheme | |
| Koha item type | Book |
| Withdrawn status | Lost status | Source of classification or shelving scheme | Damaged status | Not for loan | Permanent Location | Current Location | Shelving location | Date acquired | Total Checkouts | Full call number | Barcode | Date last seen | Price effective from | Koha item type |
|---|---|---|---|---|---|---|---|---|---|---|---|---|---|---|
| Central Library (CL) | Central Library (CL) | Economics | 04/11/2022 | 331.798091724 MCD | CL-D-1587 | 04/11/2022 | 04/11/2022 | Book |
